Revista lusófona de educaçao : democracia, direitos humanos e educacao
| Médium: | Kniha |
|---|---|
| Jazyk: | španělština |
| Vydáno: |
Portugal :
Edicoes universtárias lusófonas,
2011
|
| Témata: |
MARC
| LEADER | 00000nam a2200000Ia 4500 | ||
|---|---|---|---|
| 008 | 150730b2011 po ||||| |||| 00| | spa d | ||
| 022 | |a 1645-7250 | ||
| 090 | |a 06.02.01 |b 1234 | ||
| 245 | 1 | 0 | |a Revista lusófona de educaçao : democracia, direitos humanos e educacao |
| 260 | |a Portugal : |b Edicoes universtárias lusófonas, |c 2011 | ||
| 300 | |a 223 páginas | ||
| 500 | |a No.117 (2011) | ||
| 650 | 1 | 4 | |a EDUCACIÓN |9 1 |
| 650 | 1 | 4 | |a DERECHOS HUMANOS |9 588 |
| 650 | 1 | 4 | |a DEMOCRACIA |9 589 |
| 942 | |i 003578 |h 06.02.01 1234 |2 z |c 01 | ||
| 999 | |c 131 |d 131 | ||
